LEADER 01276nam a2200325 a 4500 001 000000131332 003 CaOOAMICUS 005 20121115104029.0 008 121115s2011 it a b u000 u ita r 020 $a978-88-420-9805-8 040 $aPUL$bita 082 04$a612.8 100 1 $aOliverio, Alberto.$0(OLS)http://pul/name/73909 245 10$aPrima lezione di neuroscienze /$cAlberto Oliviero. 250 $aNuova ed. ulteriormente ampliata. 260 $aRoma ;$aBari :$bLaterza,$c2011. 300 $aVII, 192 p. :$bill. ;$c18 cm. 490 1 $aUniversale Laterza ;$v924 504 $aBibliografia p. [181]-187. 650 14$aNeuroscienze.$0(OLS)http://pul/subject/35923 830 0$aUniversale Laterza ;$v924.$0(OLS)http://pul/title/569 850 $aPUL 852 $aPUL$W1$xSL Filosofia 3$y81$m102 OLIAL 1$j151629$qDDC 21$B150525$CPULBib$Z2$F150525 $H121178 $81 941 1 $a9 961 $aPrecedente collocazione. 612. 8 OLIAL 1 996 $6020$a978-88-420-9805-8$9(OLS)http://pul/number/151034 996 $6082$a612.8$9(OLS)http://pul/classification/2270 996 $6245$aPrima lezione di neuroscienze$9(OLS)http://pul/title/165902 996 $6260$aRoma ;$aBari :$bLaterza$9(OLS)http://pul/publisher/57682 LEADER 01245nam a2200277 a 4500 001 000000170228 003 CaOOAMICUS 005 20181030130243.0 008 181030s1995 gw 000 u ger r 020 $a3-7867-1834-2* 032 $aLibriCat 040 $aPul$bita 245 00$aWahrheit : $bRecherchen zwischen Hochscholastik und Postmoderne / $chrsg. von Thomas Eggensperger und Ulrich Engel . 260 $aMainz :$bMatthias-Grünewald,$cİ1995. 300 $a384 p. ; $c22 cm. 490 1 $aWalberberger Studien. Philosophische Reihe ;$v09 650 4$aVerità$xAspetti filosofici.$0(OLS)http://pul/subject/38683 700 1 $aEggensperger, Thomas.$0(OLS)http://pul/name/109538 700 1 $aEngel, Ulrich.$0(OLS)http://pul/name/109537 830 0$aWalberberger Studien.$pPhilosophische Reihe ;$v09.$0(OLS)http://pul/title/118573 850 $aPUL 852 $aPUL$W1$xDP1 Fondo Seidl$y56$m4 E 5$j177104$qFondi$B198484$CPULBib$Z2$F198484 $81 996 $6020$a3-7867-1834-2*$9(OLS)http://pul/number/165110 996 $6245$aWahrheit : $bRecherchen zwischen Hochscholastik und Postmoderne / $9(OLS)http://pul/title/210954 996 $6260$aMainz :$bMatthias-Grünewald$9(OLS)http://pul/publisher/51243